书目信息 |
| 题名: |
读趣
|
|
| 作者: | 朱启新 著 | |
| 分册: | ||
| 出版信息: | 北京 中华书局 2009.05 |
|
| 页数: | 252页 | |
| 开本: | 24cm | |
| 丛书名: | ||
| 单 册: | ||
| 中图分类: | I242.7 | |
| 科图分类: | ||
| 主题词: | 故事--gu shi--中国--古代--选集 | |
| 电子资源: | ||
| ISBN: | 978-7-101-06539-8 | |
| 000 | 00915nam0 2200241 450 | |
| 001 | 012010490322 | |
| 005 | 20100413150916.35 | |
| 010 | @a978-7-101-06539-8@dCNY29.00 | |
| 100 | @a20100413d2009 em y0chiy0120 ea | |
| 101 | 0 | @achi |
| 102 | @aCN@b110000 | |
| 105 | @aa z 000fy | |
| 106 | @ar | |
| 200 | 1 | @a读趣@Adu qu@e引人深思的120个古代故事@f朱启新著@Fzhu qi xin zhu |
| 210 | @a北京@c中华书局@d2009.05 | |
| 215 | @a252页@c图@d24cm | |
| 330 | @a本书从浩瀚的古代典籍、笔记中,选取了120个有趣、有意的故事,做了注解、释文、拾得。特别是“拾得”,是作者立足现实,细读古事的心得体会,从而使古人古事有了更多的现代意义,引领读者在阅读中获得更多的思考空间。 | |
| 517 | 1 | @a引人深思的120个古代故事@Ayin ren shen si de 120 ge gu dai gu shi |
| 606 | 0 | @a故事@Agu shi@y中国@z古代@j选集 |
| 690 | @aI242.7@v4 | |
| 701 | 0 | @a朱启新@Azhu qi xin@4著 |
| 801 | 0 | @aCN@bQSSK@c20100413 |
| 905 | @b778059-61@dI242.7@eZ867@f3 | |
| 读趣:引人深思的120个古代故事/朱启新著.-北京:中华书局,2009.05 |
| 252页:图;24cm |
| ISBN 978-7-101-06539-8:CNY29.00 |
| 本书从浩瀚的古代典籍、笔记中,选取了120个有趣、有意的故事,做了注解、释文、拾得。特别是“拾得”,是作者立足现实,细读古事的心得体会,从而使古人古事有了更多的现代意义,引领读者在阅读中获得更多的思考空间。 |
| ● |
| 相关链接 |
|
|
|
正题名:读趣
索取号:I242.7/Z867
 
预约/预借
| 序号 | 登录号 | 条形码 | 馆藏地/架位号 | 状态 | 备注 |
| 1 | 778059 | 207780597 | 文学库108/400B社科库 27排3列6层/ [索取号:I242.7/Z867] | 在馆 | |
| 2 | 778060 | 207780604 | 社科二线422/422社科库 16排2列5层/ [索取号:I242.7/Z867] | 在馆 | |
| 3 | 778061 | 207780613 | 社科二线400B/400B社科库 14排3列1层/ [索取号:I242.7/Z867] | 在馆 |